Média és nevelés
Elmentve itt :
| Szerző: | |
|---|---|
| Dokumentumtípus: | Cikk |
| Megjelent: |
2001
|
| Sorozat: | Módszertani közlemények
41 No. 2 |
| Kulcsszavak: | Kommunikáció- és médiatudomány, Neveléstudomány |
| Online Access: | http://acta.bibl.u-szeged.hu/28443 |
| LEADER | 00614nab a2200181 i 4500 | ||
|---|---|---|---|
| 001 | acta28443 | ||
| 005 | 20210222105715.0 | ||
| 008 | 161017s2001 hu o 0|| hun d | ||
| 022 | |a 1219-0608 | ||
| 040 | |a SZTE Egyetemi Kiadványok Repozitórium |b hun | ||
| 041 | |a hun | ||
| 100 | 1 | |a Nagy Edit | |
| 245 | 1 | 0 | |a Média és nevelés |h [elektronikus dokumentum] / |c Nagy Edit |
| 260 | |c 2001 | ||
| 300 | |a 81-84 | ||
| 490 | 0 | |a Módszertani közlemények |v 41 No. 2 | |
| 695 | |a Kommunikáció- és médiatudomány, Neveléstudomány | ||
| 856 | 4 | 0 | |u http://acta.bibl.u-szeged.hu/28443/1/modszertani_041_002_081-084.pdf |z Dokumentum-elérés |